01108cam a2200325 i 450000100090000000300040000900500170001300800410003001000170007102000220008803500130011004000280012304200080015105000220015908200120018110000190019324501160021226400320032830000400036033600260040033700280042633800270045450400670048158300410054865000170058965000300060665000130063665000160064977601170066518661555OSt20260703151730.0150616s2016 ilua b 001 0 eng  a 2015023759 a9781433542985qtp a18661555 aDLCbengcDLCerdadDLC apcc00aBT1212b.S76 201600a2392231 aStokes, Mitch.10aHow to be an atheist :bwhy many skeptics aren't skeptical enough /cMitch Stokes ; foreword by J. P. Moreland. 1aWheaton :bCrossway,c2016. a255 pages :billustrations ;c23 cm atextbtxt2rdacontent aunmediatedbn2rdamedia avolumebnc2rdacarrier aIncludes bibliographical references (pages 243-248) and index. aCataloguing:c20260703kgtanuigtanui 0aApologetics. 0aChristianity and atheism. 0aAtheism. 0aSkepticism.08iOnline version:aStokes, Mitch.tHow to be an atheistdWheaton : Crossway, 2016z9781433542992w(DLC) 2015028645